Por la recuperación y protección de la fauna silvestre. (Registro nro. 20645)
[ vista simple ]
| 000 -CABECERA | |
|---|---|
| Campo de control | 00820nam a22002417a 4500 |
| 005 - FECHA Y HORA DE LA ULTIMA TRANSACCION | |
| Campo de control | 20191216073050.0 |
| 008 - ELEMENTOS DE LONGITUD FIJA—INFORMACION GENERAL | |
| Campo de control | 191216b xxu||||| |||| 00| 0 spa d |
| 020 ## - ISBN | |
| ISBN | 9789585560000 |
| 040 ## - FUENTE DE CATALOGACIÓN | |
| Agencia catalogadora original | CO-BoIAVH |
| Agencia transcriptora | CO-BoIAVH |
| 041 ## - IDIOMA | |
| Código de idioma para texto/pista de sonido o título separado | Español |
| 044 ## - PAÍS DE PUBLICACIÓN | |
| País de publicación | Colombia |
| 110 ## - ASIENTO PRINCIPAL--NOMBRE CORPORATIVO | |
| 9 (RLIN) | 79280 |
| Nombre corporativo o de jurisdicción como elemento de entrada | Área Metropolitana del Valle de Aburrá |
| 245 ## - MENCION DE TITULO | |
| Título | Por la recuperación y protección de la fauna silvestre. |
| 250 ## - MENCION DE EDICION | |
| Mención de edición | Primera edición |
| 260 ## - PUBLICACION, DISTRIBUCION, ETC. (PIE DE IMPRENTA) | |
| Lugar de publicación, distribución, etc. | Bello, Antioquia: |
| Nombre del editor, distribuidor, etc. | Área Metropolitana del Valle de Aburrá, |
| Fecha de publicación, distribución, etc. | 2018. |
| 300 ## - DESCRIPCION FISICA | |
| Extensión | 30 Páginas: |
| Otros detalles físicos | ilustraciones y fotografías, |
| Dimensiones | 18 x 21 cm. |
| 650 #0 - ASIENTO SECUNDARIO DE MATERIA - TERMINO TEMATICO | |
| 9 (RLIN) | 1806 |
| Término temático o nombre geográfico como elemento de entrada | Fauna silvestre |
| 650 #0 - ASIENTO SECUNDARIO DE MATERIA - TERMINO TEMATICO | |
| 9 (RLIN) | 3466 |
| Término temático o nombre geográfico como elemento de entrada | Especies silvestres |
| 650 #0 - ASIENTO SECUNDARIO DE MATERIA - TERMINO TEMATICO | |
| 9 (RLIN) | 54 |
| Término temático o nombre geográfico como elemento de entrada | Biodiversidad |
| 650 #0 - ASIENTO SECUNDARIO DE MATERIA - TERMINO TEMATICO | |
| 9 (RLIN) | 2473 |
| Término temático o nombre geográfico como elemento de entrada | Conservación de ecosistemas |
| 650 #0 - ASIENTO SECUNDARIO DE MATERIA - TERMINO TEMATICO | |
| 9 (RLIN) | 5704 |
| Término temático o nombre geográfico como elemento de entrada | Guía pedagógica y didáctica |
| 942 ## - ELEMENTOS ADICIONALES (KOHA) | |
| Sistema de clasificación | Dewey Decimal Classification |
| Tipo de ítem | Folleto |
| Withdrawn status | Lost status | Sistema de Clasificación | Damaged status | No para préstamo | Colección | Ubicación Permanente | Ubicación actual | Fecha de adquisición | Total Checkouts | Número topográfico | Inventario / Código de Barras | Date last seen | Ejemplar | Price effective from | Forma de adquisición | Tipo de material |
|---|---|---|---|---|---|---|---|---|---|---|---|---|---|---|---|---|
| Dewey Decimal Classification | Hemeroteca | Bogotá | Bogotá | 16/12/2019 | FG-0375 | 043890 | 16/12/2019 | Ej.1 | 16/12/2019 | Canje | Folleto |